01210nam a2200289 i 4500001001000000003000900010005001700019007000300036008004100039040003000080082001400110100004000124245008900164264006400253300004000317336002700357337003300384338002800417590002700445700004400472710008500516910001400601942001400615952012700629952014700756999001700903000032508DO-SdBNP20250306141101.0ta110718s2006 dr o 000 0 spa d aDO-SdBNPbspacBNPHUerda axxxbP4381 aPérez, Milvioeautor9584454aut.10aCatálogo :btestimonio gráfico abril 1965 de Milvio Pérez /cMilvio Pérez :  1aSanto Domingo : bSecretaría de Estado de Cultura.c2006. a147 págiasbfotografíasc22 cm. atextobtxt2rdacontent asin mediaciónbn2rdamedia avolumenbnc2rdacarrier aInventariado, 2025/ YL aPérez, Milvio efotografías 9584451 aSecretaría de Estado de CulturabSubsecretaría de Patrimonio Cultural958446 aYlockward 2ddccLBS1 00102ddc51708PDaBNPHUbBNPHUcCTd2011-07-18iLF1l0o BNPHU PDp32508-10r2020-06-25w2020-06-25yLBS1ZNo se presta 00102ddc51708PDaBNPHUbBNPHUcCTd2023-03-24eDonado por Julián AmaroiLF1l0o BNPHU PDp2025-1552r2025-03-06te. 2w2020-06-25yLBS1 c31999d31999